000 00632nam a22001457a 4500
003 NUST
005 20221216104619.0
008 221216b ||||| |||| 00| 0 eng d
082 _a305.50973,STI
245 _aThe Great Divide /
_cJoseph E. Stiglitz
260 _aUSA
_bPenguin Books
_c2015
300 _axxvi, 428p.
505 _aIntroduction (Page-1), Big Think (Page-69), Dimensions of Inequality (Page-151), Causes of America,s Growing Inequality (Page-185), Consequences of Inequality (Page-211), Policy (Page-231), Regional Perspectives (Page-307), Putting America Back to Work (Page-373).
942 _2ddc
_cBK
_k305.50973,STI
999 _c592707
_d592707